000 005440000a22001810004500
041 0 _aSPA
082 0 4 _aG 370 M4681h
100 1 _aMayer, Frederick
245 1 0 _aHistoria del pensamiento pedagógico / Frederick Mayer ; María Celia Eguibar, Traductor
260 _aBuenos Aires, Argentina : Kapelusz
300 _a382 Pag
500 _aTítulo original : A history of educational thought
001 9859
942 _cBK
999 _c39699
_d39699
336 _atexto
_btxt
_2rdacontent
337 _2rdamedia
_asin mediación
_bn
338 _2rdacarrier
_avolumen
_bnc